[Event "Moscow op-B"]
[Site "Moscow"]
[Date "2009.02.04"]
[Round "5"]
[White "Baranov, Ilja"]
[Black "Gaponenko, Leonid"]
[Result "1-0"]
[WhiteElo "2247"]
[BlackElo "2115"]
[PlyCount "89"]
[EventDate "2009.01.31"]
[EventType "swiss"]
[EventRounds "9"]
[EventCountry "RUS"]
[SourceTitle "EXT 2012"]
[Source "ChessBase"]
[SourceDate "2011.11.24"]
[SourceVersion "1"]
[SourceVersionDate "2011.11.24"]
[SourceQuality "1"]

1. d4 Nf6 2. c4 g6 3. Nc3 Bg7 4. e4 d6 5. f3 0-0 6. Be3 Nc6 7. Qd2 a6 8. Nge2 Rb8 9. Rb1 b5 10. cxb5 axb5 11. b4 Bd7 12. d5 Ne5 13. Nd4 Nc4 14. Bxc4 bxc4 15. Qe2 e5 16. Nc2 c6 17. dxc6 Bxc6 18. Qxc4 Rc8 19. Qe2 Bb7 20. Rb3 d5 21. Bc5 Re8 22. 0-0 d4 23. Rd1 Nd7 24. Na4 Bc6 25. b5 Bxe4 26. fxe4 Nxc5 27. Nxc5 Rxc5 28. Nb4 Qa5 29. Nd5 f5 30. b6 fxe4 31. Nc7 Rb8 32. Na6 d3 33. Qe3 Rc2 34. Nxb8 Re2 35. Qc1 Rc2 36. Qa3 Qd5 37. Nc6 Bf8 38. Qxf8+ Kxf8 39. b7 e3 40. b8Q+ Kg7 41. Qxe5+ Qxe5 42. Nxe5 e2 43. Rbxd3 exd1Q+ 44. Rxd1 Rxa2 45. Nf3 1-0

[Event "Korolev-ch"]
[Site "Korolev"]
[Date "2000.??.??"]
[Round "6"]
[White "Zamanov, Ansar M"]
[Black "Baranov, Ilja"]
[Result "1-0"]
[WhiteElo "2434"]
[BlackElo "2283"]
[PlyCount "68"]
[EventDate "2000.??.??"]
[EventType "swiss"]
[EventRounds "9"]
[EventCountry "RUS"]
[SourceTitle "EXT 2006"]
[Source "ChessBase"]
[SourceDate "2005.11.24"]
[SourceVersion "1"]
[SourceVersionDate "2005.11.24"]
[SourceQuality "1"]

1. d4 d5 2. c4 c6 3. Nf3 Nf6 4. Nc3 e6 5. Bg5 dxc4 6. e4 b5 7. e5 h6 8. Bh4 g5 9. Nxg5 hxg5 10. Bxg5 Nbd7 11. exf6 Bb7 12. g3 Qb6 13. Bg2 0-0-0 14. 0-0 c5 15. d5 Nb8 16. Qg4 b4 17. dxe6 Qxe6 18. Qxe6+ fxe6 19. Ne4 Nc6 20. Rfe1 Ne5 21. Nxc5 Bxg2 22. Kxg2 Rd5 23. Nxe6 Bd6 24. h4 Nd3 25. Re2 Kd7 26. Ng7 Be5 27. Rd1 Rf8 28. Nh5 Kd6 29. b3 c3 30. f4 Bxf6 31. Nxf6 Rxf6 32. Bxf6 Nxf4+ 33. gxf4 Rxd1 34. Be7+ Kc6 1-0

[Event "Korolev-ch"]
[Site "Korolev"]
[Date "1999.??.??"]
[Round "6"]
[White "Kirov, Alexandr"]
[Black "Baranov, Ilja"]
[Result "1-0"]
[WhiteElo "2255"]
[BlackElo "2270"]
[PlyCount "135"]
[EventDate "1999.??.??"]
[EventType "swiss"]
[EventRounds "9"]
[EventCountry "RUS"]
[SourceTitle "EXT 2006"]
[Source "ChessBase"]
[SourceDate "2005.11.24"]
[SourceVersion "1"]
[SourceVersionDate "2005.11.24"]
[SourceQuality "1"]

1. d4 Nf6 2. c4 e6 3. Nf3 b6 4. Nc3 Bb4 5. Bd2 Bb7 6. e3 0-0 7. Be2 d6 8. 0-0 Nbd7 9. a3 Bxc3 10. Bxc3 Ne4 11. Be1 f5 12. Nd2 Qg5 13. f4 Qh6 14. Nxe4 Bxe4 15. Bf3 Nf6 16. Bxe4 Nxe4 17. Rf3 c6 18. Rc1 Rac8 19. b4 Qh5 20. a4 a6 21. b5 axb5 22. cxb5 cxb5 23. axb5 Qe8 24. Rxc8 Qxc8 25. Qb3 d5 26. Bb4 Rf7 27. Rf1 Rc7 28. Qa3 h6 29. Qa6 Qd7 30. Rb1 Rc2 31. Qxb6 Qc8 32. Bc5 Qe8 33. g3 Nxg3 34. hxg3 Qh5 35. Qd8+ Kh7 36. Qh4 Qe2 37. Qh3 Qxe3+ 38. Kh1 Qe4+ 39. Kg1 Rxc5 40. dxc5 Qxb1+ 41. Qf1 Qb4 42. c6 Qc5+ 43. Kh2 g5 44. Kg2 d4 45. Qd3 Kg6 46. Qb3 Kf7 47. Kf1 gxf4 48. gxf4 h5 49. Ke2 Qb6 50. Kd3 Ke7 51. Qb4+ Kf7 52. Kc4 h4 53. Qd6 h3 54. Qd7+ Kf6 55. Qh7 d3 56. Qxh3 d2 57. Qc3+ Ke7 58. Qxd2 Qc7 59. Qd4 Qa5 60. Qc5+ Ke8 61. Qb4 Qd8 62. Qc5 Qd2 63. Qe5 Qa2+ 64. Kc5 Qa7+ 65. b6 Qa5+ 66. Kd6 Qxb6 67. Qxe6+ Kf8 68. Qc8+ 1-0

[Event "Korolev-ch"]
[Site "Korolev"]
[Date "1999.??.??"]
[Round "5"]
[White "Zamanov, Ansar M"]
[Black "Baranov, Ilja"]
[Result "0-1"]
[WhiteElo "2436"]
[BlackElo "2270"]
[PlyCount "90"]
[EventDate "1999.??.??"]
[EventType "swiss"]
[EventRounds "9"]
[EventCountry "RUS"]
[SourceTitle "EXT 2006"]
[Source "ChessBase"]
[SourceDate "2005.11.24"]
[SourceVersion "1"]
[SourceVersionDate "2005.11.24"]
[SourceQuality "1"]

1. d4 Nf6 2. c4 d6 3. Nc3 Nbd7 4. e4 e5 5. d5 c6 6. Be3 Be7 7. f3 a6 8. a4 a5 9. Nh3 0-0 10. Nf2 Nh5 11. g3 g6 12. Bg2 f5 13. exf5 gxf5 14. f4 exf4 15. gxf4 Qe8 16. dxc6 bxc6 17. Bxc6 Rb8 18. Rg1+ Kh8 19. Qd2 Bf6 20. 0-0-0 Bb7 21. Bxd7 Qxd7 22. Bd4 Qc8 23. Bxf6+ Nxf6 24. Qd4 Ba6 25. Qa7 Qb7 26. Qxb7 Rxb7 27. Rxd6 Bxc4 28. Rc6 Rb4 29. Rc5 Rfb8 30. Nfd1 Ne4 31. Nxe4 fxe4 32. Nc3 Bd3 33. Rg2 e3 34. Rd5 Bf1 35. Rc2 Rxf4 36. Ne2 Rxa4 37. b3 Rab4 38. Ng3 Rxb3 39. Rc7 Bd3 40. Rxd3 Rxd3 41. Kc2 Rd2+ 42. Kc3 Rxh2 43. Kd3 e2 44. Nxe2 Rd8+ 45. Nd4 Rh3+ 0-1